Areas naturales protegidas de México /

Đã lưu trong:
Chi tiết về thư mục
Tác giả khác: Salinas de Gortari, Carlos (presentación) (presentación)
Định dạng: Sách
Ngôn ngữ:Tiếng Tây Ban Nha
Được phát hành: México : Secretaría de Desarrollo Social, 1993, c1993
Những chủ đề:
Các nhãn: Thêm thẻ
Không có thẻ, Là người đầu tiên thẻ bản ghi này!

MARC

LEADER 00000nam^a2200000^a^4500
001 000396444
005 20250521000000.0
009 20260310121430.776
020 |a 968-6772-07-3 
037 |a Acervo ITESO - Biblioteca 
041 |a ESP 
082 |a 719. 320972  |b ARE 
245 0 0 |a Areas naturales protegidas de México /  |c Presen. de C. Salinas de Gortari. 
264 4 |a México :  |b Secretaría de Desarrollo Social,  |c 1993, c1993 
300 |a 216 p. 
336 |a texto  |b txt  |2 rdacontenido 
337 |a sin mediación  |b n  |2 rdamedio 
338 |a volumen  |b nc  |2 rdasoporte 
649 |a XX 
650 |a Reservas Ecológicas -  |z México -  |x Tema Principal 
650 |a Regiones Naturales -  |z México 
650 |a Conservación de la Vida Silvestre -  |z México 
650 |a Derecho Ambiental -  |z México 
650 |a Ecología 
650 |a Medio Ambiente 
700 |a Salinas de Gortari, Carlos  |e (presentación) 
910 |a Fondo Carlos Núñez Hurtado 
920 |a Impresos - Libros 
930 |a Fondos Especiales 
905 |a 117 
901 |a 0500291859  |b IT2  |c ESP  |i D79961  |u 20250521 
902 |a https://opac.biblio.iteso.mx/vufind/Record/000396444